000 00365pab a2200157 454500
008 180718b2001 xxu||||| |||| 00| 0 eng d
100 _aDiamond, Douglas W.
245 _aBanks and liquidity
260 _c2001
300 _ap.422-25
362 _aMay
650 _aBanks
700 _aRajan, Raghuram G.
773 _aAmerican Economic Review
909 _a48824
999 _c48824
_d48824